000 00630nam a2200229Ia 4500
003 OSt
005 20221006164450.0
006 a|||||r|||| 00| 0
007 ta
008 221006b |||||||| |||| 00| 0 hin d
024 _a6,140
037 _cTextual
040 _aFML
_cFML
_bhin
041 _2hin
_ahin
082 _aNR(Y7445), P4
100 _aSrivastawa Veena Au.
_9677561
245 0 _aBundelkhandi Lokgeeto Main Sangitik Tatva
260 _aDelhi
_bRadha Publications India
_c2004
300 _a405
_ccm.
942 _hNR(Y7445), P4
_cTEXL
_2CC
999 _c1117370
_d1117370